00343 a2200145 4500003000400000005001700004008004100021020001800062040000900080082001700089100001400106245002400120260004400144300000900188OSt20231121155004.0231121b |||||||| |||| 00| 0 eng d a9788182092922 coclc a572.7bDEV/E aDevika, R aEnzymes /cR Devika aChennai:bVijay Nicole imprints,c2011. a223p